<?xml version="1.0" encoding="UTF-8"?>
<record
    xmlns:xsi="http://www.w3.org/2001/XMLSchema-instance"
    xsi:schemaLocation="http://www.loc.gov/MARC21/slim http://www.loc.gov/standards/marcxml/schema/MARC21slim.xsd"
    xmlns="http://www.loc.gov/MARC21/slim">

  <leader>01856pab a2200181 454500</leader>
  <controlfield tag="008">180718b2014   xxu||||| |||| 00| 0 eng d</controlfield>
  <datafield tag="100" ind1=" " ind2=" ">
    <subfield code="a">Noordegraaf, Mirko</subfield>
  </datafield>
  <datafield tag="245" ind1=" " ind2=" ">
    <subfield code="a">Fragmented or connective professionalism? Strategies for professionalizing the work of strategists and other (organizational) professionals</subfield>
  </datafield>
  <datafield tag="260" ind1=" " ind2=" ">
    <subfield code="c">2014</subfield>
  </datafield>
  <datafield tag="300" ind1=" " ind2=" ">
    <subfield code="a">p.21-38.</subfield>
  </datafield>
  <datafield tag="520" ind1=" " ind2=" ">
    <subfield code="a">Many professionals, especially organizational ones (managers, controllers, strategists), face difficulties in organizing their professional fields. Work ambiguities and dependencies on outsiders make it difficult to set homogeneous standards and shelter occupational domains. Professionalism tends to be fragmented. It is questionable, however, whether professionalization is a matter of either enforced regulation or fragmented regulatory forms. More connective forms of professional control might enable groups to establish professional domains, despite ambiguities and dependencies. In order to understand professionalization dynamics in public domains and the relevance of connective professionalism, we study the development of one particular field, strategists in government. We show that the professionalization of Dutch strategists is fragmented: strategists are a varied and mobile group; they have different ideas about work; they depend on many other actors and factors. We also show that strategists opt for either more enforced forms of professionalism, or less professional control. Finally, we show how they might establish connective professionalism. By enacting embedded work spaces, strategists can reconfigure their work. This is also relevant for other (organizational) professionals. - Reproduced.</subfield>
  </datafield>
  <datafield tag="650" ind1=" " ind2=" ">
    <subfield code="a">Managers</subfield>
  </datafield>
  <datafield tag="700" ind1=" " ind2=" ">
    <subfield code="a">Twist, Mark Van</subfield>
  </datafield>
  <datafield tag="700" ind1=" " ind2=" ">
    <subfield code="a">Steen, Martijn Van Der</subfield>
  </datafield>
  <datafield tag="773" ind1=" " ind2=" ">
    <subfield code="a">Public Administration</subfield>
  </datafield>
  <datafield tag="908" ind1=" " ind2=" ">
    <subfield code="a">N</subfield>
  </datafield>
  <datafield tag="909" ind1=" " ind2=" ">
    <subfield code="a">103774</subfield>
  </datafield>
  <datafield tag="999" ind1=" " ind2=" ">
    <subfield code="c">103770</subfield>
    <subfield code="d">103770</subfield>
  </datafield>
  <datafield tag="952" ind1=" " ind2=" ">
    <subfield code="0">0</subfield>
    <subfield code="1">0</subfield>
    <subfield code="4">0</subfield>
    <subfield code="7">0</subfield>
    <subfield code="a">IIPA</subfield>
    <subfield code="b">IIPA</subfield>
    <subfield code="d">2018-07-19</subfield>
    <subfield code="h">Volume no: 92, Issue no: 1</subfield>
    <subfield code="p">AR104234</subfield>
    <subfield code="r">2018-07-19</subfield>
    <subfield code="w">2018-07-19</subfield>
    <subfield code="y">AR</subfield>
  </datafield>
</record>
